000 00920nam a22002657a 4500
001 29105
003 UA-OsUOA
005 20210916214329.0
007 ta
008 20050531b un ||||| |||| 00| 0 ukr d
020 _a5212005159
040 _aUA-OsUOA
_brus
_cUA-OsUOA
_dUA-OsUOA
041 _arus
044 _aRU
080 _a94(47+571)
090 _a94(47+571)
_bК72
100 _aКостомаров Н. И.
245 _aРусская история в жизнеописаниях ее главнейших деятелей
_nКн. 2, вып. 4 и 5
250 _aРепринтное воспроизведение издания 1873 – 1888 гг., осуществленного в семи выпусках
260 _aСПб.
_bКнига
_c1991
650 7 _2UDC
_a94 Історія
942 _cBK
_2udc
955 _a2
999 _c315485
_d315485